[Event "Plzen, JF C"]
[Site "?"]
[Date "1998.??.??"]
[Round "1"]
[White "Hajek, J."]
[Black "Mirumian, V."]
[Result "0-1"]
[WhiteElo "2055"]
[BlackElo "2470"]
[PlyCount "74"]
[EventDate "1998.??.??"]
[Source "ChessBase"]
[SourceDate "1996.11.15"]

1. e4 c5 2. Nf3 e6 3. b3 d6 4. Bb2 Nf6 5. Bb5+ Bd7 6. Bxd7+ Nbxd7 7. d3 Be7 8.
O-O O-O 9. e5 Nd5 10. Nbd2 Re8 11. Ne4 dxe5 12. Nxe5 Nxe5 13. Bxe5 Bf8 14. Qd2
f6 15. Bb2 e5 16. a4 Qd7 17. f3 Rad8 18. Qf2 Qc6 19. Kh1 b6 20. Rfe1 a6 21. h3
Rd7 22. Nc3 Nf4 23. Qe3 f5 24. Ne2 Nd5 25. Qg5 Rf7 26. Nc3 Nf4 27. Qg3 Re6 28.
Rg1 Rg6 29. Qf2 c4 30. dxc4 Bc5 31. Qd2 Nxh3 32. gxh3 Qxf3+ 33. Kh2 Bxg1+ 34.
Rxg1 Rxg1 35. Kxg1 Rf6 36. Nd5 Rg6+ 37. Kh2 Qg3+ 0-1

[Event "Plzen, JF C"]
[Site "?"]
[Date "1998.??.??"]
[Round "1"]
[White "Mitzka, F."]
[Black "Kuljabin, V."]
[Result "0-1"]
[WhiteElo "2035"]
[BlackElo "2420"]
[PlyCount "64"]
[EventDate "1998.??.??"]
[Source "ChessBase"]
[SourceDate "1996.11.15"]

1. e4 c5 2. Nf3 d6 3. d4 cxd4 4. Nxd4 Nf6 5. Nc3 g6 6. Bc4 Bg7 7. Bb3 Nc6 8.
Nde2 O-O 9. Be3 b5 10. f3 b4 11. Nb5 a5 12. a4 bxa3 13. Rxa3 Ba6 14. Nbc3 Nd7
15. Qd2 Nb6 16. Bh6 Ne5 17. Bxg7 Kxg7 18. Ng3 Nbc4 19. Qd4 Nxa3 20. bxa3 Kg8
21. Nd5 e6 22. Ne3 Qc7 23. f4 Nd7 24. Ng4 e5 25. Qd2 Kh8 26. f5 Rac8 27. Nh6
Nf6 28. Qg5 Qe7 29. Kf2 a4 30. Bxa4 Rc4 31. Bb3 Rxe4 32. Rd1 Qa7+ 0-1

[Event "Plzen, JF C"]
[Site "?"]
[Date "1998.??.??"]
[Round "1"]
[White "Kozlov, O."]
[Black "Tsimafeyevas, S."]
[Result "1-0"]
[WhiteElo "2410"]
[BlackElo "2015"]
[PlyCount "79"]
[EventDate "1998.??.??"]
[Source "ChessBase"]
[SourceDate "1996.11.15"]

1. d4 Nf6 2. Nf3 c5 3. c4 g6 4. g3 Bg7 5. Bg2 O-O 6. O-O cxd4 7. Nxd4 Nc6 8.
Nc3 Nxd4 9. Qxd4 d6 10. Qd2 Re8 11. Rd1 Qa5 12. Nb5 Qb6 13. Qe3 Rb8 14. Nxa7
Qxe3 15. Bxe3 Be6 16. b3 Nd7 17. Rac1 f5 18. Nb5 Rec8 19. Ba7 g5 20. Bxb8 Rxb8
21. Nd4 Bxd4 22. Rxd4 Kg7 23. b4 b6 24. Bd5 Kf6 25. f4 gxf4 26. gxf4 Rd8 27. a4
Nf8 28. Ra1 Bd7 29. a5 e5 30. fxe5+ Kxe5 31. e3 b5 32. a6 Ne6 33. a7 Nxd4 34.
exd4+ Kxd4 35. Rd1+ Ke5 36. cxb5 Bxb5 37. a8=Q Rxa8 38. Bxa8 Bd7 39. Kf2 d5 40.
b5 1-0

[Event "Plzen, JF C"]
[Site "?"]
[Date "1998.??.??"]
[Round "1"]
[White "Snaidr, J."]
[Black "Zimmerman, Y."]
[Result "0-1"]
[WhiteElo "2340"]
[BlackElo "2100"]
[PlyCount "76"]
[EventDate "1998.??.??"]
[Source "ChessBase"]
[SourceDate "1996.11.15"]

1. d4 Nf6 2. c4 g6 3. Nc3 Bg7 4. e4 d6 5. Be2 O-O 6. Bg5 c5 7. Nf3 cxd4 8. Nxd4
Nc6 9. O-O Nxd4 10. Qxd4 h6 11. Bh4 Re8 12. Qd2 Be6 13. Rac1 Qa5 14. f3 Rac8
15. b3 Nh5 16. Rfd1 Qe5 17. Bf2 a6 18. Be3 g5 19. g4 Nf4 20. Bxf4 Qxf4 21. Qxf4
gxf4 22. Nd5 Be5 23. Kg2 f6 24. Rc2 Kf7 25. Rdc1 Rc6 26. Nb4 Rcc8 27. Nd5 Red8
28. a4 Rh8 29. c5 dxc5 30. Rxc5 Rcg8 31. Bd3 h5 32. h3 hxg4 33. hxg4 Bxg4 34.
fxg4 Rxg4+ 35. Kf1 Rh1+ 36. Kf2 Rh2+ 37. Ke1 Rg1+ 38. Bf1 f3 0-1

[Event "Plzen, JF C"]
[Site "?"]
[Date "1998.??.??"]
[Round "1"]
[White "Piza, V."]
[Black "Marik, P."]
[Result "1-0"]
[WhiteElo "2305"]
[BlackElo "2060"]
[PlyCount "64"]
[EventDate "1998.??.??"]
[Source "ChessBase"]
[SourceDate "1996.11.15"]

1. d4 Nf6 2. c4 c5 3. d5 b5 4. cxb5 a6 5. bxa6 Bxa6 6. Nc3 g6 7. Nf3 d6 8. e4
Bxf1 9. Kxf1 Bg7 10. g3 Nbd7 11. h3 O-O 12. Kg2 Qc7 13. Re1 Rfb8 14. Re2 Rb4
15. Qe1 Qb7 16. Nd1 e6 17. Bd2 Rb6 18. dxe6 fxe6 19. Ng5 Ne5 20. Bc3 Bh6 21.
Bxe5 Bxg5 22. Bc3 Rf8 23. f4 Bh6 24. Nf2 Bg7 25. Kh2 Nh5 26. Bxg7 Nxg7 27. Qc3
d5 28. exd5 exd5 29. Qxc5 Rxb2 30. Rxb2 Qxb2 31. Qxd5+ Kh8 32. Rf1 Ra8 1-0

[Event "Plzen, JF C"]
[Site "?"]
[Date "1998.??.??"]
[Round "1"]
[White "Bantle, M."]
[Black "Michalek, J."]
[Result "0-1"]
[WhiteElo "2040"]
[BlackElo "2300"]
[PlyCount "106"]
[EventDate "1998.??.??"]
[Source "ChessBase"]
[SourceDate "1996.11.15"]

1. d4 Nf6 2. c4 g6 3. Nc3 Bg7 4. e4 d6 5. f3 O-O 6. Be3 e5 7. d5 c6 8. Qd2 cxd5
9. cxd5 Nh5 10. O-O-O a6 11. g4 Nf4 12. h4 Nd7 13. Nge2 b5 14. Kb1 Nb6 15. b3
b4 16. Bxb6 Qxb6 17. Na4 Qa5 18. Qe3 Rb8 19. Nb2 f5 20. g5 fxe4 21. fxe4 Bg4
22. Nc4 Qd8 23. Rg1 Bh5 24. Re1 a5 25. Nc1 Rf7 26. Nd3 Kh8 27. Bh3 Nxd3 28.
Qxd3 Rf3 29. Re3 Rf4 30. Be6 Rxh4 31. Ree1 Rf4 32. Ref1 Ra8 33. Qe3 Qf8 34. Rc1
Rd8 35. Nd2 h6 36. Rc7 hxg5 37. Rgc1 Kh7 38. Qa7 Kh6 39. Rb7 g4 40. Rcc7 Rf1+
41. Kc2 g3 42. Rxg7 Qf2 43. Rh7+ Kg5 44. Rxh5+ Kxh5 45. Rh7+ Kg5 46. Qe7+ Qf6
47. Nxf1 Qxe7 48. Rxe7 g2 49. Nh2 Rf8 50. Bf7 Kf4 51. Re6 g1=Q 52. Rf6+ Ke3 53.
Rf3+ Ke2 0-1

[Event "Plzen, JF C"]
[Site "?"]
[Date "1998.??.??"]
[Round "1"]
[White "Tupy, M."]
[Black "Voehringer, A."]
[Result "1-0"]
[WhiteElo "2210"]
[BlackElo "2010"]
[PlyCount "41"]
[EventDate "1998.??.??"]
[Source "ChessBase"]
[SourceDate "1996.11.15"]

1. d4 e6 2. e4 d5 3. Nc3 Bb4 4. e5 c5 5. a3 Bxc3+ 6. bxc3 Qc7 7. Nf3 Nc6 8. h4
Nge7 9. h5 Bd7 10. h6 gxh6 11. Bxh6 cxd4 12. cxd4 Nf5 13. Bd3 Ncxd4 14. Nxd4
Nxd4 15. Bg7 Rg8 16. Bf6 Qc3+ 17. Kf1 Bb5 18. Bxb5+ Nxb5 19. Rb1 Qc4+ 20. Qd3
Nxa3 21. Rxb7 1-0

[Event "Plzen, JF C"]
[Site "?"]
[Date "1998.??.??"]
[Round "1"]
[White "Janke, G."]
[Black "Papapostoulou, C."]
[Result "0-1"]
[WhiteElo "2005"]
[BlackElo "2180"]
[PlyCount "80"]
[EventDate "1998.??.??"]
[Source "ChessBase"]
[SourceDate "1996.11.15"]

1. d4 Nf6 2. Nf3 g6 3. Bf4 Bg7 4. e3 c5 5. c3 O-O 6. Bd3 d6 7. O-O Nc6 8. Nbd2
Re8 9. Qc2 e5 10. dxe5 dxe5 11. Bg5 Qc7 12. Bxf6 Bxf6 13. Ne4 Be7 14. Ned2 a6
15. Rfd1 b5 16. b3 f5 17. e4 Rf8 18. a4 Rb8 19. axb5 axb5 20. Nf1 f4 21. h3 Be6
22. N1d2 g5 23. Nh2 h5 24. Be2 Bf7 25. Rdb1 Kg7 26. Rb2 Rh8 27. Rba2 b4 28. c4
Rbd8 29. Ndf3 Be6 30. Ra6 Bc8 31. Ra8 g4 32. hxg4 hxg4 33. Nd2 g3 34. fxg3 fxg3
35. Nhf1 Qd6 36. Nxg3 Qxd2 37. Qxd2 Rxd2 38. Rf1 Bg5 39. Nf5+ Bxf5 40. Rxh8
Be3+ 0-1

[Event "Plzen, JF C"]
[Site "?"]
[Date "1998.??.??"]
[Round "1"]
[White "Krishke, A."]
[Black "Straka, Z."]
[Result "1-0"]
[WhiteElo "2165"]
[BlackElo "1715"]
[PlyCount "147"]
[EventDate "1998.??.??"]
[Source "ChessBase"]
[SourceDate "1996.11.15"]

1. c4 Nf6 2. Nf3 g6 3. Nc3 Bg7 4. g3 O-O 5. Bg2 d6 6. O-O Nc6 7. Rb1 Nh5 8. b4
e5 9. b5 Ne7 10. d3 f5 11. Qb3 Kh8 12. Bg5 h6 13. Bxe7 Qxe7 14. Ne1 Nf6 15. Nc2
g5 16. e3 e4 17. Nb4 Re8 18. Qc2 Rb8 19. Nbd5 Nxd5 20. Nxd5 exd3 21. Qxd3 Qf7
22. Nb4 Be6 23. Bd5 Bxd5 24. Nxd5 c6 25. Nb4 Qd7 26. Rfd1 Red8 27. f4 c5 28.
Nc2 Qf7 29. fxg5 hxg5 30. Rf1 Rf8 31. Rbd1 Be5 32. Rd2 f4 33. exf4 gxf4 34.
gxf4 Bxf4 35. Qh3+ Qh7 36. Qxh7+ Kxh7 37. Rdf2 Bh6 38. Rf7+ Rxf7 39. Rxf7+ Kg6
40. Rd7 Bf4 41. Ne1 Kf6 42. Nf3 Rg8+ 43. Kf2 Rg7 44. Rxg7 Kxg7 45. h3 Kf6 46.
Ne1 Be5 47. Kf3 Kf5 48. Nc2 Bf6 49. Ne3+ Ke5 50. h4 Bh8 51. h5 Kd4 52. h6 Bf6
53. Nf5+ Kxc4 54. Nxd6+ Kb4 55. Ke2 c4 56. Kd1 a6 57. b6 Bh8 58. Nxb7 Kb5 59.
Nd6+ Kxb6 60. Kc2 Kc5 61. Nf7 Bf6 62. a3 Kd5 63. h7 Ke6 64. h8=Q Bxh8 65. Nxh8
Kf6 66. Kc3 Kg7 67. Kxc4 Kxh8 68. Kc5 a5 69. Kb5 a4 70. Kxa4 Kg7 71. Kb5 Kf7
72. Kc6 Ke8 73. a4 Kd8 74. Kb7 1-0

[Event "Plzen, JF C"]
[Site "?"]
[Date "1998.??.??"]
[Round "1"]
[White "Smid, J."]
[Black "Spal, M."]
[Result "0-1"]
[WhiteElo "1910"]
[BlackElo "2160"]
[PlyCount "50"]
[EventDate "1998.??.??"]
[Source "ChessBase"]
[SourceDate "1996.11.15"]

1. e4 d5 2. exd5 Qxd5 3. Nc3 Qa5 4. d4 c6 5. Nf3 Nf6 6. Be2 Bf5 7. O-O e6 8. a3
Bd6 9. b4 Bxb4 10. Nb1 Bd6 11. Nbd2 Qc7 12. Nc4 Be7 13. Nfe5 Nd5 14. Ne3 Bg6
15. Nxd5 exd5 16. Bf4 Bd6 17. Bg4 f6 18. Nxg6 hxg6 19. Re1+ Kd8 20. Bxd6 Qxd6
21. g3 f5 22. Bf3 Nd7 23. Qd2 Kc7 24. Re3 g5 25. Bg2 f4 0-1

[Event "Plzen, JF C"]
[Site "?"]
[Date "1998.??.??"]
[Round "1"]
[White "Steppuhn, T."]
[Black "Kalista, K."]
[Result "1/2-1/2"]
[WhiteElo "2160"]
[BlackElo "1910"]
[PlyCount "123"]
[EventDate "1998.??.??"]
[Source "ChessBase"]
[SourceDate "1996.11.15"]

1. f4 Nf6 2. Nf3 c5 3. e3 g6 4. b3 Bg7 5. Bb2 O-O 6. Be2 Nc6 7. O-O d6 8. Nc3
a6 9. a4 Rb8 10. d3 Nd5 11. Qd2 Qa5 12. Nxd5 Qxd2 13. Nxd2 Bxb2 14. Rab1 Bg7
15. Nb6 Be6 16. Ne4 Rbd8 17. Rfc1 h6 18. c3 f5 19. Nd2 d5 20. Nf3 a5 21. c4 d4
22. exd4 Nxd4 23. Kf1 Nxe2 24. Kxe2 Rd6 25. Nd5 Bxd5 26. cxd5 Rxd5 27. Rc2 Rfd8
28. Rd1 b6 29. g3 e5 30. fxe5 Bxe5 31. Nxe5 Rxe5+ 32. Kd2 Rdd5 33. Rc4 Rd6 34.
Rc2 Kf7 35. Kc3 Rd4 36. Rdd2 Re3 37. Rc1 g5 38. Rf1 Ke6 39. Rff2 Ke5 40. Rfe2
f4 41. Rxe3+ fxe3 42. Re2 Kf5 43. Rxe3 Kg4 44. Re4+ Kh3 45. Rxd4 cxd4+ 46. Kxd4
Kxh2 47. Ke5 Kxg3 48. d4 Kh3 49. d5 g4 50. d6 g3 51. d7 g2 52. d8=Q g1=Q 53.
Qd7+ Qg4 54. Qf7 h5 55. Qf1+ Qg2 56. Qf5+ Kh4 57. Qf4+ Qg4 58. Qh2+ Kg5 59.
Qd2+ Kh4 60. Qh2+ Qh3 61. Qf4+ Qg4 62. Qh2+ 1/2-1/2

[Event "Plzen, JF C"]
[Site "?"]
[Date "1998.??.??"]
[Round "1"]
[White "Hercik, J."]
[Black "Eretova, J."]
[Result "1-0"]
[WhiteElo "1870"]
[BlackElo "2155"]
[PlyCount "129"]
[EventDate "1998.??.??"]
[Source "ChessBase"]
[SourceDate "1996.11.15"]

1. e4 c5 2. Nc3 e6 3. f4 Nc6 4. Bb5 Nd4 5. Nf3 Nxb5 6. Nxb5 a6 7. Nc3 d6 8. O-O
b5 9. d3 Bb7 10. Qe2 Ne7 11. Be3 Qc7 12. Qf2 Nc6 13. Rae1 b4 14. Na4 Be7 15. e5
dxe5 16. Nxe5 Nxe5 17. fxe5 O-O 18. Nxc5 Bd5 19. b3 f6 20. Na4 fxe5 21. Qe2
Rab8 22. Rf2 Bh4 23. g3 Be7 24. Ref1 Ba8 25. Rxf8+ Bxf8 26. Kf2 Bd6 27. Ke1 Qa5
28. Qg4 Bd5 29. Bh6 Qc7 30. Kd2 Rc8 31. Ke1 Kh8 32. Bd2 Qxc2 33. Rf7 Rg8 34.
Rd7 Qc6 35. Rxd6 Qxd6 36. Bxb4 Qc6 37. Bc3 Bf3 38. Qg5 Qd5 39. Qe3 Bg4 40. Qe4
Bf5 41. Qxd5 exd5 42. Bxe5 Bxd3 43. Kd2 Be4 44. Nc5 Rf8 45. Bd4 Kg8 46. Nxa6
Bb1 47. a4 Ra8 48. Nc7 Rc8 49. Bb6 d4 50. a5 Be4 51. h4 Kf7 52. b4 Ke7 53. Bc5+
Kd7 54. Nb5 d3 55. Nd6 Bg6 56. Nxc8 Kxc8 57. Bd4 Kb7 58. Bxg7 Ka6 59. g4 Kb5
60. Bf8 Ka6 61. Kc3 Kb5 62. Bh6 Be4 63. Bd2 Bf3 64. g5 Be4 65. h5 1-0

[Event "Plzen, JF C"]
[Site "?"]
[Date "1998.??.??"]
[Round "1"]
[White "Hallerova, E."]
[Black "Sladek, J."]
[Result "1/2-1/2"]
[WhiteElo "2145"]
[BlackElo "1870"]
[PlyCount "31"]
[EventDate "1998.??.??"]
[Source "ChessBase"]
[SourceDate "1996.11.15"]

1. e4 d5 2. exd5 Nf6 3. d4 Qxd5 4. Nc3 Qa5 5. Bd3 Bg4 6. f3 Bh5 7. Nge2 c6 8.
O-O Qc7 9. Bf4 Qd8 10. Bc4 e6 11. Bg5 Be7 12. Nf4 Bg6 13. Nxg6 hxg6 14. Qd2
Nbd7 15. Rfe1 Qc7 16. Bf4 1/2-1/2

[Event "Plzen, JF C"]
[Site "?"]
[Date "1998.??.??"]
[Round "1"]
[White "Jenc, M."]
[Black "Orsag, M."]
[Result "0-1"]
[WhiteElo "1845"]
[BlackElo "2140"]
[PlyCount "44"]
[EventDate "1998.??.??"]
[Source "ChessBase"]
[SourceDate "1996.11.15"]

1. e4 c5 2. Nf3 Nc6 3. d4 cxd4 4. Nxd4 e5 5. Nf3 Nf6 6. Bd3 d5 7. Qd2 Bg4 8. h3
Nd4 9. Qe3 Bxf3 10. gxf3 Bc5 11. Kd1 dxe4 12. fxe4 Nxc2 13. Qg3 Nxa1 14. Qxe5+
Be7 15. Qb5+ Qd7 16. Nc3 Rd8 17. Qxd7+ Rxd7 18. Ke2 O-O 19. Be3 Rfd8 20. Bb5
Nc2 21. Bxd7 Nxe3 22. Bb5 Nc2 0-1

[Event "Plzen, JF C"]
[Site "?"]
[Date "1998.??.??"]
[Round "1"]
[White "Stehlik, J."]
[Black "Tenk, P."]
[Result "1-0"]
[WhiteElo "2140"]
[BlackElo "1835"]
[PlyCount "77"]
[EventDate "1998.??.??"]
[Source "ChessBase"]
[SourceDate "1996.11.15"]

1. d4 d5 2. Nf3 Nf6 3. c4 e6 4. g3 c6 5. Qc2 Nbd7 6. Bg2 Be7 7. Nbd2 O-O 8. O-O
Qc7 9. e4 dxe4 10. Nxe4 Nxe4 11. Qxe4 Nf6 12. Qe2 c5 13. dxc5 Bxc5 14. Bf4 Bd6
15. Bg5 Nd7 16. Rfd1 h6 17. Bd2 Ne5 18. Rac1 Nxf3+ 19. Bxf3 Bd7 20. Ba5 Qxa5
21. Rxd6 Bc6 22. Bxc6 bxc6 23. b3 Rad8 24. Rcd1 Rxd6 25. Rxd6 Rd8 26. Rxc6 Rd2
27. Rc8+ Kh7 28. Qe4+ g6 29. Qf3 Kg7 30. a3 Qe5 31. Rc7 Qxc7 32. Qc3+ e5 33.
Qxd2 Qc5 34. Qe3 Qe7 35. b4 f5 36. c5 g5 37. c6 f4 38. Qc5 Kf7 39. Qc2 1-0

[Event "Plzen, JF C"]
[Site "?"]
[Date "1998.??.??"]
[Round "1"]
[White "Vojir, V sn"]
[Black "Novacek, K."]
[Result "0-1"]
[WhiteElo "1815"]
[BlackElo "2035"]
[PlyCount "134"]
[EventDate "1998.??.??"]
[Source "ChessBase"]
[SourceDate "1996.11.15"]

1. d4 Nf6 2. c4 g6 3. Nc3 Bg7 4. e4 d6 5. Nf3 O-O 6. Be2 c6 7. O-O Nbd7 8. Qc2
Qc7 9. Bd2 e5 10. dxe5 dxe5 11. Rad1 a5 12. h3 Nh5 13. Be3 Nf4 14. Rfe1 Kh8 15.
Bf1 f5 16. Ng5 Rf6 17. c5 h6 18. Nf3 Ne6 19. exf5 gxf5 20. Na4 f4 21. Nb6 Nxb6
22. cxb6 Qe7 23. Bd2 Nf8 24. Nxe5 Bf5 25. Bd3 Bxd3 26. Nxd3 Qf7 27. Bc3 Re6 28.
Bxg7+ Kxg7 29. Qc3+ Kg8 30. Qd4 f3 31. Rxe6 Nxe6 32. Qg4+ Kh7 33. Ne5 Qf6 34.
Nxf3 Rg8 35. Qe4+ Kh8 36. Rd7 Rg7 37. Rxg7 Kxg7 38. Qe5 Nf4 39. Qxf6+ Kxf6 40.
Ne1 Nd5 41. Nd3 Nxb6 42. Nc5 Ke5 43. Nxb7 a4 44. Nd8 Kd5 45. f4 c5 46. f5 c4
47. Kf2 Ke4 48. g4 Kd3 49. h4 Kc2 50. g5 hxg5 51. hxg5 Kxb2 52. f6 Nd7 53. Ne6
c3 54. f7 c2 55. Nc5 Nf8 56. Ke2 c1=Q 57. Nd3+ Kb1 58. Nxc1 Kxc1 59. Kd3 Kb2
60. Kd2 Kxa2 61. Kc2 Ka3 62. Kb1 Kb3 63. Ka1 a3 64. Kb1 Ng6 65. Ka1 Nf8 66. Kb1
Ne6 67. g6 a2+ 0-1

[Event "Plzen, JF C"]
[Site "?"]
[Date "1998.??.??"]
[Round "1"]
[White "Foglar, S."]
[Black "Vojir, V jn"]
[Result "1-0"]
[WhiteElo "2065"]
[BlackElo "1800"]
[PlyCount "71"]
[EventDate "1998.??.??"]
[Source "ChessBase"]
[SourceDate "1996.11.15"]

1. e4 c6 2. d3 d5 3. Nd2 e5 4. Ngf3 f6 5. Be2 Ne7 6. Nh4 Be6 7. O-O Qd7 8. a3
Na6 9. b4 Nc7 10. Bb2 d4 11. Nb3 b6 12. g3 Bh3 13. Ng2 g5 14. c3 dxc3 15. Bxc3
g4 16. Re1 Qe6 17. Bf1 h5 18. Qc2 Bh6 19. Rad1 Rd8 20. d4 Rf8 21. Bd2 Bg5 22.
Bc4 Qc8 23. Bxg5 fxg5 24. dxe5 Nb5 25. Rxd8+ Qxd8 26. Rd1 Qc8 27. Bxb5 cxb5 28.
Qxc8+ Nxc8 29. Ne3 Rf7 30. Nd4 a6 31. Nd5 Rb7 32. Nf5 h4 33. Nd6+ Nxd6 34. exd6
hxg3 35. hxg3 Kd7 36. Ne7 1-0

[Event "Plzen, JF C"]
[Site "?"]
[Date "1998.??.??"]
[Round "1"]
[White "Pfriender, H."]
[Black "Gruss, H."]
[Result "1-0"]
[WhiteElo "2010"]
[BlackElo "1860"]
[PlyCount "106"]
[EventDate "1998.??.??"]
[Source "ChessBase"]
[SourceDate "1996.11.15"]

1. e4 c5 2. d4 cxd4 3. c3 dxc3 4. Nxc3 Nc6 5. Nf3 d6 6. Bc4 e6 7. O-O Nf6 8.
Qe2 a6 9. Rd1 Qc7 10. Bf4 e5 11. Nd5 Nxd5 12. exd5 Be7 13. dxc6 exf4 14. cxb7
Bxb7 15. Rac1 Qd8 16. Nd4 O-O 17. Nf5 Bf6 18. Rxd6 f3 19. Rxd8 fxe2 20. Rxa8
Rxa8 21. Bxe2 Bxb2 22. Rb1 Be4 23. Nh6+ gxh6 24. Rxb2 a5 25. f3 Bd5 26. a4 Bc6
27. Bb5 Bd5 28. Rd2 Be6 29. Kf2 h5 30. Kg3 Kg7 31. Kh4 Kf6 32. Kxh5 Rg8 33. g4
Rg5+ 34. Kh4 Rd5 35. Rxd5 Bxd5 36. f4 Be4 37. Kg3 Bc2 38. h4 Bd1 39. h5 h6 40.
Bd7 Kg7 41. Bb5 f6 42. Kh4 Bc2 43. Kg3 Bd1 44. Bd7 Kf8 45. Kf2 Ke7 46. Ke1 Bf3
47. Bf5 Bc6 48. Bc2 Bd7 49. Bd1 Kd6 50. Kd2 Kc5 51. g5 Bf5 52. gxh6 Bh7 53. Bc2
f5 1-0

[Event "Plzen, JF C"]
[Site "?"]
[Date "1998.??.??"]
[Round "2"]
[White "Mirumian, V."]
[Black "Krischke, A."]
[Result "1-0"]
[WhiteElo "2470"]
[BlackElo "2165"]
[PlyCount "57"]
[EventDate "1998.??.??"]
[Source "ChessBase"]
[SourceDate "1996.11.15"]

1. e4 c6 2. d3 d5 3. Nd2 e5 4. Ngf3 Bd6 5. g3 Nf6 6. Bg2 O-O 7. O-O Nbd7 8. Re1
dxe4 9. dxe4 Qc7 10. b3 b5 11. Nh4 Bc5 12. Bb2 Rd8 13. Qe2 Nf8 14. Ndf3 Ng4 15.
Rf1 f6 16. Ne1 Nh6 17. Nd3 Bb6 18. a4 a5 19. axb5 cxb5 20. Bc1 Nf7 21. Nf5 Nd6
22. Ne3 Ne6 23. Nd5 Nd4 24. Qd1 Qb7 25. Be3 b4 26. N3xb4 Nxb3 27. Nxb6 Nxa1 28.
Nxa8 axb4 29. Nb6 1-0

[Event "Plzen, JF C"]
[Site "?"]
[Date "1998.??.??"]
[Round "2"]
[White "Papapostoulou, C."]
[Black "Stets, D."]
[Result "0-1"]
[WhiteElo "2180"]
[BlackElo "2435"]
[PlyCount "70"]
[EventDate "1998.??.??"]
[Source "ChessBase"]
[SourceDate "1996.11.15"]

1. e4 c5 2. Nf3 d6 3. d4 cxd4 4. Nxd4 Nf6 5. Nc3 g6 6. Be3 Bg7 7. Qd2 O-O 8. f3
Nc6 9. O-O-O d5 10. Qe1 e5 11. Nxc6 bxc6 12. exd5 Nxd5 13. Bc4 Be6 14. Bb3 a5
15. Na4 Qf6 16. Kb1 Rfb8 17. h4 h6 18. Bd2 Nb6 19. Bc3 Nxa4 20. Bxa4 Bd5 21. b3
Qf4 22. Ka1 Rb4 23. Rb1 Kh7 24. Qc1 Qg3 25. h5 Qxg2 26. hxg6+ fxg6 27. Qb2 Rd4
28. Rhf1 Bxf3 29. Rg1 Qh2 30. a3 Rb8 31. Bxd4 exd4 32. Ka2 Re8 33. Rge1 d3 34.
c3 Qxb2+ 35. Kxb2 Rxe1 0-1

[Event "Plzen, JF C"]
[Site "?"]
[Date "1998.??.??"]
[Round "2"]
[White "Spal, M."]
[Black "Kozlov, O."]
[Result "0-1"]
[WhiteElo "2160"]
[BlackElo "2410"]
[PlyCount "73"]
[EventDate "1998.??.??"]
[Source "ChessBase"]
[SourceDate "1996.11.15"]

1. e4 c5 2. Nc3 e6 3. f4 Nc6 4. Nf3 Nd4 5. Bc4 a6 6. a4 Ne7 7. Nxd4 cxd4 8. Ne2
d5 9. exd5 Nxd5 10. O-O g6 11. b3 Ne7 12. Bb2 Bg7 13. Qe1 O-O 14. Bd3 b6 15.
Qf2 Nc6 16. Be4 Qd7 17. Bxc6 Qxc6 18. Bxd4 Qxc2 19. Bxg7 Kxg7 20. Qd4+ Kg8 21.
Rfc1 Qxb3 22. Rab1 Qa3 23. Rxb6 Ra7 24. Rd6 Re7 25. Ra1 Qb3 26. Nc3 Rb7 27. Ne4
Qb2 28. Qe5 Rb4 29. Qxb2 Rxb2 30. Nc5 a5 31. Rc1 Kg7 32. Rc3 Bb7 33. Rb3 Rxb3
34. Nxb3 Bd5 35. Nd4 Rc8 36. f5 exf5 37. Nxf5+ 0-1

[Event "Plzen, JF C"]
[Site "?"]
[Date "1998.??.??"]
[Round "2"]
[White "Zimmerman, Y."]
[Black "Foglar, S."]
[Result "1-0"]
[WhiteElo "2340"]
[BlackElo "2065"]
[PlyCount "64"]
[EventDate "1998.??.??"]
[Source "ChessBase"]
[SourceDate "1996.11.15"]

1. d4 Nf6 2. c4 c5 3. d5 e5 4. Nc3 d6 5. e4 Be7 6. Nf3 O-O 7. Bd3 Ne8 8. h3 g6
9. Bh6 Ng7 10. g4 Nd7 11. Qd2 Nf6 12. O-O-O Kh8 13. Rdg1 a6 14. Qe2 Ng8 15. Bd2
Ne8 16. h4 Nc7 17. g5 Bd7 18. h5 b5 19. Rh2 Qe8 20. Rgh1 f5 21. hxg6 Qxg6 22.
exf5 Bxf5 23. Nh4 Bxd3 24. Nxg6+ Bxg6 25. Rxh7+ Bxh7 26. Qh5 Nf6 27. Qh6 Rf7
28. g6 Bf8 29. Qg5 Rg7 30. Qxf6 Kg8 31. gxh7+ Rxh7 32. Rxh7 Kxh7 1-0

[Event "Plzen, JF C"]
[Site "?"]
[Date "1998.??.??"]
[Round "2"]
[White "Orsag, M."]
[Black "Piza, V."]
[Result "0-1"]
[WhiteElo "2140"]
[BlackElo "2305"]
[PlyCount "46"]
[EventDate "1998.??.??"]
[Source "ChessBase"]
[SourceDate "1996.11.15"]

1. e4 c5 2. Nc3 d6 3. g3 g6 4. Bg2 Bg7 5. f4 Nc6 6. Nf3 Nh6 7. O-O O-O 8. d3 f5
9. h3 Nf7 10. Be3 Nd4 11. Qd2 Rb8 12. Rae1 b5 13. exf5 gxf5 14. Bf2 b4 15. Nd1
e6 16. Ng5 Nxg5 17. fxg5 Qa5 18. a3 Qa4 19. c3 bxc3 20. Nxc3 Qb3 21. Rb1 Bb7
22. Qf4 Bxg2 23. Kxg2 Qb7+ 0-1

[Event "Plzen, JF C"]
[Site "?"]
[Date "1998.??.??"]
[Round "2"]
[White "Michalek, J."]
[Black "Pfriender, H."]
[Result "1-0"]
[WhiteElo "2300"]
[BlackElo "2010"]
[PlyCount "45"]
[EventDate "1998.??.??"]
[Source "ChessBase"]
[SourceDate "1996.11.15"]

1. e4 c5 2. Nf3 Nc6 3. d4 cxd4 4. Nxd4 Nf6 5. Nc3 e5 6. Ndb5 d6 7. Bg5 a6 8.
Na3 Be6 9. Nc4 Nd4 10. Bd3 Rc8 11. Bxf6 gxf6 12. Ne3 Qa5 13. O-O h5 14. Ncd5
Bxd5 15. Nxd5 Bg7 16. c3 Ne6 17. Qf3 Rh6 18. Qf5 Qd8 19. Rad1 Rc5 20. b4 Rxd5
21. exd5 Nf4 22. Rfe1 h4 23. Qxf4 1-0

[Event "Plzen, JF C"]
[Site "?"]
[Date "1998.??.??"]
[Round "2"]
[White "Novacek, K."]
[Black "Suran, J."]
[Result "1/2-1/2"]
[WhiteElo "2095"]
[BlackElo "2295"]
[PlyCount "81"]
[EventDate "1998.??.??"]
[Source "ChessBase"]
[SourceDate "1996.11.15"]

1. e4 b6 2. d4 Bb7 3. Nc3 e6 4. d5 d6 5. Nf3 e5 6. Be3 Nf6 7. h3 Be7 8. Qd2
Nbd7 9. O-O-O a6 10. Ng1 h6 11. g4 Nc5 12. f3 Nh7 13. Kb1 Bg5 14. Bxg5 hxg5 15.
Qf2 Nf8 16. Nge2 Ng6 17. Ng3 Nf4 18. Nce2 Qf6 19. Nxf4 gxf4 20. Ne2 Qh4 21. Rh2
Ke7 22. Nc1 Qxf2 23. Rxf2 Nd7 24. Rh2 Rh7 25. Be2 Rah8 26. Rdh1 Nf8 27. h4 Ng6
28. h5 Nf8 29. Nd3 Kf6 30. Nf2 g6 31. Rh3 gxh5 32. gxh5 Bc8 33. Ng4+ Bxg4 34.
fxg4 a5 35. Rc3 c5 36. dxc6 Ne6 37. Rd1 Ke7 38. Ba6 Nc7 39. Be2 f6 40. Rb3 Rb8
41. Rbd3 1/2-1/2

[Event "Plzen, JF C"]
[Site "?"]
[Date "1998.??.??"]
[Round "2"]
[White "Nold, M."]
[Black "Tupy, M."]
[Result "0-1"]
[WhiteElo "2020"]
[BlackElo "2210"]
[PlyCount "52"]
[EventDate "1998.??.??"]
[Source "ChessBase"]
[SourceDate "1996.11.15"]

1. e4 c5 2. Nc3 Nc6 3. g3 g6 4. Bg2 Bg7 5. d3 d6 6. f4 e6 7. Nf3 Nge7 8. O-O
O-O 9. Kh1 Rb8 10. g4 f5 11. Ng5 h6 12. Nh3 Nd4 13. gxf5 exf5 14. Ng1 Be6 15.
Nce2 Qd7 16. c3 Nxe2 17. Qxe2 b5 18. Re1 Rbe8 19. Nf3 c4 20. e5 dxe5 21. Nxe5
Bxe5 22. Qxe5 Bd5 23. Be3 Bxg2+ 24. Kxg2 Nd5 25. d4 Rxe5 26. fxe5 f4 0-1

[Event "Plzen, JF C"]
[Site "?"]
[Date "1998.??.??"]
[Round "2"]
[White "Sladek, J."]
[Black "Steppuhn, T."]
[Result "1/2-1/2"]
[WhiteElo "1870"]
[BlackElo "2160"]
[PlyCount "41"]
[EventDate "1998.??.??"]
[Source "ChessBase"]
[SourceDate "1996.11.15"]

1. e4 e6 2. d4 b6 3. Nf3 Bb7 4. Bd3 Nf6 5. Qe2 d5 6. e5 Ne4 7. Nbd2 Nxd2 8.
Bxd2 c5 9. c3 Nc6 10. O-O Be7 11. a3 g5 12. Be3 g4 13. Nd2 h5 14. b4 c4 15. Bc2
Kd7 16. Rfd1 b5 17. a4 a6 18. Rf1 Qg8 19. f4 h4 20. f5 Bg5 21. f6 1/2-1/2

[Event "Plzen, JF C"]
[Site "?"]
[Date "1998.??.??"]
[Round "2"]
[White "Rybak, M."]
[Black "Hallerova, E."]
[Result "0-1"]
[WhiteElo "2280"]
[BlackElo "2145"]
[PlyCount "60"]
[EventDate "1998.??.??"]
[Source "ChessBase"]
[SourceDate "1996.11.15"]

1. e4 Nf6 2. e5 Nd5 3. d4 d6 4. Nf3 Bg4 5. Be2 e6 6. O-O Be7 7. h3 Bh5 8. c4
Nb6 9. Nc3 O-O 10. Be3 Nc6 11. exd6 cxd6 12. d5 exd5 13. Nxd5 Nxd5 14. Qxd5 Bg6
15. Rad1 Bf6 16. b3 Nb4 17. Qd2 a5 18. Bf4 Re8 19. a3 Nc6 20. Bxd6 Qb6 21. b4
axb4 22. axb4 Rad8 23. b5 Nd4 24. Nxd4 Rxd6 25. c5 Qxc5 26. Nb3 Rxd2 27. Nxc5
Rexe2 28. Nxb7 Bd4 29. Rxd2 Rxd2 30. Rc1 h6 0-1